Statistics for Saw Trap Victims - Spoiler Warning

Click here to take the quiz!

General Stats

  • This quiz has been taken 116 times
  • The average score is 26 of 100

Answer Stats

Saw 1Victims% Correct
The Bathroom GameAdam Faulkner-Stanheight
97%
The Reverse Bear TrapAmanda Young
85%
The Bathroom GameDr. Lawrence Gordon
85%
The Orderly's TestZep Hindle
59%
Detective's Test | The Ice Block TrapDetective Eric Matthews
57%
The Glass Coffin | The Water CubeSpecial Agent Peter Strahm
54%
The Drill ChairJeff Ridenhour
52%
The Horsepower TrapDan
51%
The Angel TrapDetective Allison Kerry
51%
The Reverse Bear TrapJill Tuck
51%
The Nerve Gas HouseDaniel Matthews
49%
The Bloodboarding TrapJohn Kramer
46%
Officer's TestOfficer Daniel Rigg
41%
The Gigli Saw TrapValentina
41%
The Nerve Gas HouseXavier Chavez
41%
The Razor Wire MazePaul Leahy
39%
The Exploding PuppetSpecial Agent Lindsey Perez
39%
The Shotgun CollarLynn Denlon
38%
The RackTimothy Young
38%
The Bedroom TrapIvan Landsness
34%
Pound of FleshSimone
33%
The Mausoleum Trap | The Spine CuttersArt Blank
31%
The Brain Surgery TrapMateo
31%
The Nerve Gas HouseObi Tate
31%
The Murderers' Trial | The Public Execution TrapRyan
31%
The Public Execution TrapDina
30%
The Radiation TrapGabriela
30%
The Nerve Gas HouseGus Colyard
30%
The Liar's TestBobby Dagen
28%
The Pipe Bomb TrapDiego
28%
The Nerve Gas HouseLaura Hunter
28%
The Classroom TrapTroy
28%
Health Insurance Executive's Test | The Acid RoomWilliam Easton
28%
The Fatal Five's TrialBrit Steddison
26%
Neglecting Father's TestJeff Denlon
26%
The Fatal Five's TrialMallick Scott
26%
The Pendulum TrapSeth Baxter
26%
The Nerve Gas HouseAddison Corday
25%
The Public Execution TrapBrad
25%
Pound of FleshEddie
25%
The Murderers' TrialLogan Nelson
25%
The Bloodboarding TrapCarlos
23%
The Brazen BullJoyce Dagen
23%
The Gas RoomCecilia Pederson
21%
The Oxygen CrusherHank
21%
The Nerve Gas HouseJonas Singer
21%
The Fatal Five's TrialLuba Gibbs
21%
The Death Mask/Venus Fly TrapMichael Marks
21%
The Murderers' TrialCarly
20%
The Murderers' Trial - RecreationCarly Look-A-Like
20%
The Knife ChairCecil Adams
20%
The Laser CollarsDetective Brad Halloran
20%
The Horsepower TrapEvan
20%
The Marionette TrapMarcus Banks
20%
The Murderers' TrialAnna
18%
The Scalping SeatBrenda
18%
The Hangman's NooseCale
18%
The Freezer RoomDanica Scott
18%
The Reverse Bear TrapDonnie Greco
18%
The Shotgun CarouselJosh
18%
The Murderers' TrialMitch
18%
The Murderers' Trial - RecreationMitch Look-A-Like
18%
The Silence CircleNina
18%
The Mausoleum TrapTrevor
18%
The Fatal Five's TrialAshley Kazon
16%
The Fatal Five's TrialCharles Saumn
16%
The Acid RoomPamela Jenkins
15%
The Gas RoomParker Sears
15%
Cupid's ArrowsRex
15%
The GallowsAddy
13%
The Acid RoomBrent Abbott
13%
The Hot Wax TrapCaptain Angie Garza
13%
The Steam MazeDebbie
13%
The Finger TrapDetective Fitch
13%
The Disembowelment TrapHenry Kessler
13%
The Pig VatJudge Halden
13%
The Flammable JellyMark Wilson
13%
Cupid's ArrowsMorgan
13%
The Shotgun CarouselAaron
11%
The Shotgun CarouselDave
11%
Criminal Informant's TestEdgar Munsen
11%
The Shotgun CarouselGena
11%
The Horsepower TrapJake
11%
The Impalement WheelSuzanne
11%
The Acid RoomTara Abbott
11%
The GallowsAllen
10%
The Eye Vacuum TrapCustodian/Hospital Worker
10%
The Horsepower TrapKara
10%
The Lawnmower TrapAlex
8%
The Subway TrapDetective Marv Boswick
8%
The Shotgun CarouselEmily
8%
The Glass GrinderPeter Dunleavy
8%
The Shotgun CarouselShelby
8%
The Lawnmower TrapSidney
8%
The Murderers' Trial - RecreationMalcolm Neale
2%

Score Distribution

Percentile by Number Answered

Percent of People with Each Score

Your Score History

You have not taken this quiz